[Event "EU-ch 22nd"]
[Site "Terme Catez"]
[Date "2022.03.30"]
[Round "4"]
[White "Laptii, Nazar"]
[Black "Valsecchi, Alessio"]
[Result "1/2-1/2"]
[WhiteElo "2180"]
[BlackElo "2524"]
[PlyCount "116"]
[EventDate "2022.03.27"]
[EventType "swiss"]
[EventRounds "11"]
[EventCountry "SLO"]
[SourceTitle "CBM 208"]
[Source "ChessBase"]
[SourceDate "2022.06.30"]
[SourceVersion "1"]
[SourceVersionDate "2022.06.30"]
[SourceQuality "1"]

1. e4 e5 2. Nf3 Nc6 3. Bc4 Nf6 4. d3 h6 5. c3 d6 6. Nbd2 g6 7. h3 Bg7 8. Qe2 0-0 9. g4 d5 10. Bb3 Be6 11. Nf1 dxe4 12. dxe4 Bxb3 13. axb3 Nd7 14. Be3 Qe7 15. h4 Qe6 16. N3d2 Rfd8 17. h5 g5 18. f3 Bf8 19. b4 Nb6 20. Ng3 a5 21. b5 Nb8 22. Nf5 N8d7 23. Qf2 a4 24. 0-0 Nc4 25. Nxc4 Qxc4 26. Rfd1 Nc5 27. Qf1 Qb3 28. Bxc5 Bxc5+ 29. Kh1 Kh7 30. Rab1 Qc2 31. Rdc1 Qd3 32. Qxd3 Rxd3 33. Rd1 Rad8 34. Rxd3 Rxd3 35. Kg2 Be3 36. Ra1 Rd2+ 37. Kh1 Bc5 38. Rxa4 Rxb2 39. c4 Rc2 40. Ra8 Rxc4 41. Rd8 Rc1+ 42. Kg2 Rc2+ 43. Kf1 Rf2+ 44. Ke1 Rxf3 45. Rd7 Rf4 46. Rxf7+ Kh8 47. Nxh6 Rxe4+ 48. Kd1 Rd4+ 49. Ke2 Bd6 50. Rd7 Re4+ 51. Kf3 Rf4+ 52. Ke3 Bc5+ 53. Ke2 Bb6 54. Nf5 e4 55. Rd8+ Kh7 56. Rd7+ Kh8 57. Rd8+ Kh7 58. Rd7+ Kh8 1/2-1/2

[Event "EU-ch 22nd"]
[Site "Terme Catez"]
[Date "2022.03.28"]
[Round "2"]
[White "Navara, David"]
[Black "Valsecchi, Alessio"]
[Result "1-0"]
[WhiteElo "2700"]
[BlackElo "2524"]
[PlyCount "79"]
[EventDate "2022.03.27"]
[EventType "swiss"]
[EventRounds "11"]
[EventCountry "SLO"]
[SourceTitle "CBM 208"]
[Source "ChessBase"]
[SourceDate "2022.06.30"]
[SourceVersion "1"]
[SourceVersionDate "2022.06.30"]
[SourceQuality "1"]

1. e4 c5 2. Nf3 Nc6 3. Bb5 g6 4. 0-0 Bg7 5. c3 Nf6 6. Re1 0-0 7. d4 d5 8. e5 Ne4 9. Be3 cxd4 10. cxd4 Qb6 11. Bxc6 bxc6 12. Qc1 Rb8 13. b3 Bf5 14. Nh4 Be6 15. f3 g5 16. fxe4 gxh4 17. Nc3 Qb4 18. Na4 h3 19. Nc5 Kh8 20. Na6 Qb7 21. Nxb8 Rxb8 22. Qd1 dxe4 23. Rc1 Qd7 24. Rc2 Rg8 25. g3 Bd5 26. Qh5 Qe6 27. Rf1 Bf8 28. Rcf2 Qg6 29. Qxh3 Be6 30. Qh4 h5 31. Kg2 Qh7 32. h3 Rg6 33. Kh2 Kg8 34. Rf5 Bxf5 35. Rxf5 Qg7 36. Rxh5 f6 37. Qxe4 fxe5 38. dxe5 Qf7 39. Qxg6+ Qxg6 40. Rg5 1-0

[Event "Cannes op 35th"]
[Site "Cannes"]
[Date "2022.02.23"]
[Round "4"]
[White "Valsecchi, Alessio"]
[Black "Girel, Joseph"]
[Result "1/2-1/2"]
[WhiteElo "2524"]
[BlackElo "2394"]
[PlyCount "101"]
[EventDate "2022.02.21"]
[EventType "swiss"]
[EventRounds "9"]
[EventCountry "FRA"]
[SourceTitle "CBM 207 Extra"]
[Source "ChessBase"]
[SourceDate "2022.05.31"]
[SourceVersion "1"]
[SourceVersionDate "2022.05.31"]
[SourceQuality "1"]

1. c4 e6 2. Nf3 d5 3. d4 Nf6 4. Nc3 a6 5. g4 dxc4 6. g5 Nd5 7. e4 Nxc3 8. bxc3 b5 9. Ne5 Bb7 10. Qf3 Qe7 11. Rb1 c5 12. Bg2 Nc6 13. Nxc6 Bxc6 14. 0-0 0-0-0 15. a4 cxd4 16. axb5 axb5 17. cxd4 Rxd4 18. Be3 Bxe4 19. Qg3 Bxg2 20. Rxb5 Qd6 21. Qxg2 Rd5 22. Rb6 Qc7 23. Ra6 Qb7 24. Ra7 Qc6 25. Qg4 h5 26. gxh6 gxh6 27. Rfa1 Bc5 28. Rxf7 Kb8 29. Rb1+ Kc8 30. Bf4 Bb6 31. Ra1 Ra5 32. Re1 Re8 33. Bg3 Ra7 34. Rf4 Ra4 35. Rfe4 Kb7 36. Rc1 Re7 37. Rexc4 Rxc4 38. Rxc4 Qd5 39. Rc1 Qf5 40. Qb4 Rg7 41. Qb2 e5 42. Qa2 Qf3 43. Ra1 Rxg3+ 44. hxg3 Qxg3+ 45. Kf1 Qd3+ 46. Kg2 Qg6+ 47. Kh2 Qh5+ 48. Kg1 Qg6+ 49. Kf1 Qd3+ 50. Ke1 Qe4+ 51. Kf1 1/2-1/2

[Event "Cannes op 35th"]
[Site "Cannes"]
[Date "2022.02.22"]
[Round "2"]
[White "Valsecchi, Alessio"]
[Black "Roebers, Eline"]
[Result "1/2-1/2"]
[WhiteElo "2524"]
[BlackElo "2341"]
[PlyCount "35"]
[EventDate "2022.02.21"]
[EventType "swiss"]
[EventRounds "9"]
[EventCountry "FRA"]
[SourceTitle "CBM 207 Extra"]
[Source "ChessBase"]
[SourceDate "2022.05.31"]
[SourceVersion "1"]
[SourceVersionDate "2022.05.31"]
[SourceQuality "1"]

1. d4 d5 2. c4 c6 3. Nf3 Nf6 4. Nbd2 Bf5 5. Nh4 Be4 6. f3 Bg6 7. e3 e6 8. Qb3 Qc7 9. f4 c5 10. f5 exf5 11. cxd5 cxd4 12. Ndf3 dxe3 13. Bxe3 Nbd7 14. Rc1 Qa5+ 15. Bd2 Qb6 16. Bb5 Bd6 17. Be3 Qa5+ 18. Bd2 1/2-1/2

[Event "ITA-chT Final 52nd"]
[Site "Montesilvano"]
[Date "2021.09.26"]
[Round "3.2"]
[White "Valsecchi, Alessio"]
[Black "Banikas, Hristos"]
[Result "1-0"]
[WhiteElo "2537"]
[BlackElo "2606"]
[PlyCount "125"]
[EventDate "2021.09.25"]
[EventType "team-tourn"]
[EventRounds "3"]
[EventCountry "ITA"]
[SourceTitle "CBM 204 Extra"]
[Source "ChessBase"]
[SourceDate "2021.11.30"]
[SourceVersion "1"]
[SourceVersionDate "2021.11.30"]
[SourceQuality "1"]
[WhiteTeam "Padova Obiettivo"]
[BlackTeam "WorldtradingLab"]
[WhiteTeamCountry "ITA"]
[BlackTeamCountry "ITA"]

1. e4 c5 2. Nf3 d6 3. d4 cxd4 4. Nxd4 Nf6 5. Nc3 a6 6. g3 e5 7. Nb3 Be7 8. Bg2 b5 9. Be3 Bg4 10. Qd2 Nbd7 11. h3 Be6 12. Nd5 a5 13. a4 b4 14. c4 0-0 15. 0-0 Re8 16. Nxe7+ Qxe7 17. Rfd1 Bxc4 18. Nxa5 d5 19. Nc6 Qd6 20. exd5 Bb3 21. Rdc1 Rxa4 22. Rxa4 Bxa4 23. Qxb4 Qxb4 24. Nxb4 Rb8 25. Nc6 Re8 26. b4 e4 27. Ra1 Bb3 28. d6 Be6 29. Bd4 Kf8 30. Ra7 Rc8 31. Rc7 Ra8 32. Ne5 Nxe5 33. Bxe5 Rb8 34. Ra7 Nd7 35. Bc3 f5 36. Bf1 Rb6 37. b5 Kf7 38. Ra6 Rb7 39. Bd4 Bd5 40. Ra8 g6 41. Rh8 Ke6 42. Rxh7 Ne5 43. Re7+ Rxe7 44. dxe7 Nf3+ 45. Kh1 Kxe7 46. Be3 g5 47. Bg2 Kf6 48. h4 gxh4 49. Bxf3 hxg3 50. Be2 gxf2 51. Kh2 Ke5 52. Kg3 Bb7 53. Bf4+ Kd4 54. Kxf2 Bc8 55. Be3+ Ke5 56. Kg3 Bb7 57. Bc1 Bc8 58. Bb2+ Kd5 59. Kf4 Bd7 60. Bc1 Bc8 61. Be3 Bd7 62. b6 Bc8 63. Bb5 1-0

[Event "ITA-chT Final 52nd"]
[Site "Montesilvano"]
[Date "2021.09.25"]
[Round "1.2"]
[White "Alsina Leal, Daniel"]
[Black "Valsecchi, Alessio"]
[Result "1/2-1/2"]
[WhiteElo "2516"]
[BlackElo "2537"]
[PlyCount "97"]
[EventDate "2021.09.25"]
[EventType "team-tourn"]
[EventRounds "3"]
[EventCountry "ITA"]
[SourceTitle "CBM 204 Extra"]
[Source "ChessBase"]
[SourceDate "2021.11.30"]
[SourceVersion "1"]
[SourceVersionDate "2021.11.30"]
[SourceQuality "1"]
[WhiteTeam "Montebelluna Master"]
[BlackTeam "Padova Obiettivo"]
[WhiteTeamCountry "ITA"]
[BlackTeamCountry "ITA"]

1. e4 c6 2. Nf3 d5 3. Nc3 dxe4 4. Nxe4 Nf6 5. Qe2 Nxe4 6. Qxe4 Nd7 7. Bc4 Nf6 8. Ne5 e6 9. Qe2 Qc7 10. d4 Bd6 11. 0-0 b5 12. Bd3 a6 13. a4 Bb7 14. Re1 b4 15. a5 c5 16. dxc5 Bxc5 17. Bf4 Qe7 18. Bg5 Kf8 19. Rad1 h6 20. Bh4 g5 21. Bg3 Kg7 22. Nc4 Rhd8 23. Nb6 Ra7 24. h4 Bd4 25. hxg5 hxg5 26. Be5 Qc5 27. Bxd4 Rxd4 28. Qe5 Qxe5 29. Rxe5 Kh6 30. f3 Rf4 31. Be2 g4 32. g3 Rf5 33. Rxf5 exf5 34. fxg4 Be4 35. gxf5 Bxc2 36. Rd4 Re7 37. Bxa6 Ra7 38. Bc4 Rxa5 39. Bxf7 b3 40. g4 Kg5 41. Be6 Nxg4 42. Nc4 Ra1+ 43. Kg2 Nh6 44. Nd2 Ra2 45. Nf3+ Kf6 46. Bxb3 Bxb3 47. Rd6+ Kxf5 48. Rxh6 Rxb2+ 49. Kg3 1/2-1/2

[Event "ITA-chTA 52nd"]
[Site "Montesilvano"]
[Date "2021.09.24"]
[Round "7.2"]
[White "Barp, Alberto"]
[Black "Valsecchi, Alessio"]
[Result "1-0"]
[WhiteElo "2372"]
[BlackElo "2537"]
[PlyCount "67"]
[EventDate "2021.09.20"]
[EventType "team-tourn"]
[EventRounds "7"]
[EventCountry "ITA"]
[SourceTitle "CBM 204 Extra"]
[Source "ChessBase"]
[SourceDate "2021.11.30"]
[SourceVersion "1"]
[SourceVersionDate "2021.11.30"]
[SourceQuality "1"]
[WhiteTeam "WorldtradingLab"]
[BlackTeam "Padova Obiettivo"]
[WhiteTeamCountry "ITA"]
[BlackTeamCountry "ITA"]

1. d4 d5 2. Nf3 c5 3. c4 dxc4 4. e3 cxd4 5. Bxc4 Qc7 6. Qb3 e6 7. exd4 Bd7 8. 0-0 Nc6 9. Qe3 Nb4 10. Bb3 Nf6 11. Nc3 Bc6 12. Ne5 Bd6 13. Re1 Nfd5 14. Qh3 Bxe5 15. Rxe5 0-0-0 16. Bg5 Nf6 17. Nb5 Qb6 18. a4 Nbd5 19. Rc1 Rd7 20. Bxf6 gxf6 21. Rxd5 exd5 22. Bxd5 Kd8 23. Qg3 Ke8 24. Qg7 Rf8 25. Re1+ Re7 26. Nd6+ Kd7 27. Rxe7+ Kxe7 28. Nf5+ Ke8 29. Bxf7+ Rxf7 30. Qg8+ Kd7 31. Qxf7+ Kc8 32. Qf8+ Kd7 33. Qd6+ Kc8 34. Ne7# 1-0

[Event "ITA-chTA 52nd"]
[Site "Montesilvano"]
[Date "2021.09.21"]
[Round "2.2"]
[White "Sonis, Francesco"]
[Black "Valsecchi, Alessio"]
[Result "1/2-1/2"]
[WhiteElo "2523"]
[BlackElo "2537"]
[PlyCount "103"]
[EventDate "2021.09.20"]
[EventType "team-tourn"]
[EventRounds "7"]
[EventCountry "ITA"]
[SourceTitle "CBM 204 Extra"]
[Source "ChessBase"]
[SourceDate "2021.11.30"]
[SourceVersion "1"]
[SourceVersionDate "2021.11.30"]
[SourceQuality "1"]
[WhiteTeam "Marostica Pizzato Elettrica"]
[BlackTeam "Padova Obiettivo"]
[WhiteTeamCountry "ITA"]
[BlackTeamCountry "ITA"]

1. Nf3 d5 2. e3 g6 3. c4 e6 4. Nc3 Bg7 5. b3 Ne7 6. Bb2 0-0 7. Rc1 Nd7 8. Qc2 c6 9. d4 a6 10. Be2 Re8 11. 0-0 b5 12. Nb1 Rb8 13. Nbd2 bxc4 14. bxc4 c5 15. Nb3 cxd4 16. Bxd4 Bxd4 17. Nbxd4 Bb7 18. Rfd1 e5 19. Nb3 Qb6 20. c5 Qc7 21. Qc3 Bc6 22. Rd2 Nf5 23. Qa5 Qa7 24. Qa3 Qc7 25. Na5 Bb5 26. Bd1 Nf6 27. Bb3 e4 28. Nd4 Ng4 29. g3 Ne5 30. Bd1 Nxd4 31. Rxd4 Qd7 32. Kg2 g5 33. h3 Re6 34. c6 Bxc6 35. Nxc6 Rxc6 36. Rxc6 Nxc6 37. Rd2 Nb4 38. Be2 Qc7 39. Qb3 Qe5 40. Qd1 Qc3 41. Rd4 h6 42. Qd2 Qxd2 43. Rxd2 Rc8 44. a3 Rc2 45. Rxc2 Nxc2 46. Bxa6 Nxa3 47. Bb7 Nc4 48. Bxd5 Nd6 49. Kf1 Kg7 50. Bb3 Kf6 51. Ba2 Ke5 52. Bb3 1/2-1/2

[Event "EU-ch 21st"]
[Site "Reykjavik"]
[Date "2021.09.04"]
[Round "10"]
[White "Valsecchi, Alessio"]
[Black "Maltsevskaya, Aleksandra"]
[Result "1-0"]
[WhiteElo "2527"]
[BlackElo "2409"]
[PlyCount "69"]
[EventDate "2021.08.26"]
[EventType "swiss"]
[EventRounds "11"]
[EventCountry "ISL"]
[SourceTitle "CBM 204"]
[Source "ChessBase"]
[SourceDate "2021.10.31"]
[SourceVersion "1"]
[SourceVersionDate "2021.10.31"]
[SourceQuality "1"]

1. e4 c5 2. Nf3 e6 3. d4 cxd4 4. Nxd4 Nc6 5. Nc3 a6 6. Be3 Nf6 7. Be2 Qc7 8. 0-0 Be7 9. f4 d6 10. Kh1 0-0 11. Qe1 Nxd4 12. Bxd4 b5 13. Qg3 Bb7 14. a3 Rad8 15. Rae1 Bc6 16. Bf3 Qb7 17. b4 Ne8 18. Nb1 Bf6 19. c3 Qe7 20. Bxf6 Nxf6 21. e5 Nd5 22. Nd2 dxe5 23. fxe5 Nb6 24. Re2 Rd3 25. Qf2 Bxf3 26. gxf3 Nd5 27. Ne4 Nxc3 28. Nf6+ Kh8 29. Qh4 gxf6 30. Rg2 Rdd8 31. Rg3 Nd1 32. Rh3 Nf2+ 33. Rxf2 Rd1+ 34. Rf1 Rxf1+ 35. Kg2 1-0

[Event "EU-ch 21st"]
[Site "Reykjavik"]
[Date "2021.09.03"]
[Round "9"]
[White "Jacobsen, Mikkel Manosri"]
[Black "Valsecchi, Alessio"]
[Result "1/2-1/2"]
[WhiteElo "2309"]
[BlackElo "2527"]
[PlyCount "176"]
[EventDate "2021.08.26"]
[EventType "swiss"]
[EventRounds "11"]
[EventCountry "ISL"]
[SourceTitle "CBM 204"]
[Source "ChessBase"]
[SourceDate "2021.10.31"]
[SourceVersion "1"]
[SourceVersionDate "2021.10.31"]
[SourceQuality "1"]

1. c4 e6 2. Nf3 Nf6 3. g3 d5 4. d4 a6 5. b3 c5 6. cxd5 exd5 7. Bg2 Nc6 8. 0-0 Be7 9. Bb2 0-0 10. Nc3 Re8 11. Rc1 Bg4 12. dxc5 Bxc5 13. Nxd5 Bxf2+ 14. Rxf2 Nxd5 15. Ne5 Nxe5 16. Bxd5 Qg5 17. Bxe5 Rxe5 18. Bxf7+ Kh8 19. Rc2 Rd8 20. Qc1 Bh3 21. Bc4 h5 22. e4 Qe7 23. Bf1 Rxe4 24. Rce2 Bg4 25. Rxe4 Qxe4 26. h3 Rd1 27. Qg5 Bf3 28. Rd2 Qe6 29. Qd8+ Kh7 30. Qd3+ Be4 31. Qe2 Rxd2 32. Qxd2 Qf5 33. Qf2 Qg6 34. Bg2 Bxg2 35. Qxg2 b5 36. Kf2 Qb1 37. Ke3 Qe1+ 38. Kd4 g6 39. Kc5 Qe3+ 40. Kc6 Kh6 41. Kb7 a5 42. Ka6 a4 43. b4 Qd3 44. h4 a3 45. Qa8 Kh7 46. Qb7+ Kh6 47. Qb8 Kh7 48. Qc7+ Kh6 49. Qe5 Kh7 50. Qe7+ Kh6 51. Qf8+ Kh7 52. Qf7+ Kh8 53. Qf8+ Kh7 54. Qf7+ Kh8 55. Qe8+ Kh7 56. Qxb5 Qxg3 57. Qd7+ Kh6 58. Qd8 g5 59. Qf6+ Kh7 60. hxg5 Qc7 61. Qh6+ Kg8 62. Qe6+ Qf7 63. Qxf7+ Kxf7 64. b5 h4 65. b6 h3 66. b7 h2 67. b8Q h1Q 68. Qb3+ Kg6 69. Qg8+ Kf5 70. Ka5 Qc6 71. Kb4 Qb6+ 72. Ka4 Qa6+ 73. Kb4 Qd6+ 74. Kc4 Qf4+ 75. Kb3 Qxg5 76. Qd5+ Kf6 77. Qc6+ Ke7 78. Kxa3 Qg4 79. Qc5+ Kd7 80. Kb3 Qe6+ 81. Kb2 Qe2+ 82. Ka3 Qe7 83. Qxe7+ Kxe7 84. Kb4 Kd7 85. a4 Kc6 86. Kc3 Kb6 87. Kd4 Ka5 88. Ke4 Kxa4 1/2-1/2

[Event "EU-ch 21st"]
[Site "Reykjavik"]
[Date "2021.08.31"]
[Round "6"]
[White "Valsecchi, Alessio"]
[Black "Milikow, Elie"]
[Result "1/2-1/2"]
[WhiteElo "2527"]
[BlackElo "2242"]
[PlyCount "85"]
[EventDate "2021.08.26"]
[EventType "swiss"]
[EventRounds "11"]
[EventCountry "ISL"]
[SourceTitle "CBM 204"]
[Source "ChessBase"]
[SourceDate "2021.10.31"]
[SourceVersion "1"]
[SourceVersionDate "2021.10.31"]
[SourceQuality "1"]

1. d4 Nf6 2. c4 e6 3. Nf3 Bb4+ 4. Nbd2 d5 5. g3 a5 6. Bg2 dxc4 7. a3 Bxd2+ 8. Qxd2 0-0 9. Ne5 Ra7 10. Nxc4 b6 11. b3 Bb7 12. f3 Nc6 13. Bb2 Qe7 14. e4 Rd8 15. Qe3 e5 16. Nxe5 Nxe5 17. dxe5 Nd7 18. 0-0-0 Raa8 19. Qc3 Nc5 20. Bh3 Ba6 21. Kb1 Be2 22. Rd5 Nd3 23. Rg1 c6 24. Rxd8+ Rxd8 25. Bf1 Bxf1 26. Rxf1 Nxb2 27. Kxb2 c5 28. Rc1 h6 29. f4 Rd4 30. Rc2 Qd7 31. a4 Kh7 32. f5 Rxe4 33. f6 gxf6 34. exf6 Qd4 35. Qxd4 Rxd4 36. Kc3 Kg6 37. Rf2 Re4 38. Rf3 Kg5 39. h3 Kg6 40. Kd3 Rd4+ 41. Kc3 Kg5 42. Rd3 Re4 43. Rd6 1/2-1/2